Pintores españoles del siglo XVIII (Record no. 20395)

MARC details
000 -LEADER
campo de control de longitud fija 00610nam a2200181 i 4500
001 - NÚMERO DE CONTROL
campo de control 20395
003 - IDENTIFICADOR DE NÚMERO DE CONTROL
campo de control ES-MaACL
005 - FECHA Y HORA DE LA ÚLTIMA TRANSACCIÓN
campo de control 20230906152308.0
007 - CAMPO FIJO DE DESCRIPCIÓN FÍSICA--INFORMACIÓN GENERAL
campo de control de longitud fija t|
008 - DATOS DE LONGITUD FIJA--INFORMACIÓN GENERAL
campo de control de longitud fija 021112s1946 sp f |||| |cspa d
080 ## - NÚMERO DE LA CLASIFICACIÓN DECIMAL UNIVERSAL
Número de la Clasificación Decimal Universal 75.035(460):929
100 1# - ENTRADA PRINCIPAL--NOMBRE DE PERSONA
Nombre de persona Aguilera, Emiliano M.
9 (RLIN) 18758
245 10 - MENCIÓN DEL TÍTULO
Título Pintores españoles del siglo XVIII
Resto del título : ensayo biográfico y crítico /
Mención de responsabilidad, etc. Emiliano M. Aguilera.
260 ## - PUBLICACIÓN, DISTRIBUCIÓN, ETC.
Lugar de publicación, distribución, etc. Barcelona :
Nombre del editor, distribuidor, etc. Iberia :
-- Joaquín Gil,
Fecha de publicación, distribución, etc. [1946] (
Fabricante Tall. Gráfs. Agustín Núñez)
300 ## - DESCRIPCIÓN FÍSICA
Extensión 28 p., 68 lám. ;
Dimensiones 28 cm.
650 #4 - PUNTO DE ACCESO ADICIONAL DE MATERIA--TÉRMINO DE MATERIA
Término de materia o nombre geográfico como elemento de entrada Pintura española-
Subdivisión cronológica S.XVIII.
9 (RLIN) 159436
852 ## - LOCALIZACIÓN
Ubicación ES-MaACL
Número de control de estantería 1869-F-6
Holdings
Estatus retirado Estado de pérdida Estado de daño No para préstamo Colección Biblioteca de origen Biblioteca actual Ubicación en estantería Fecha de adquisición Fuente de adquisición Total de préstamos Signatura topográfica completa Código de barras Visto por última vez Precio de reemplazo Tipo de ítem Koha
        Colección de folletos Biblioteca del Ateneo de Madrid Biblioteca del Ateneo de Madrid Depósito folletos 17/01/2008     1869-F-6 1020921 23/02/2023 23/02/2023 Folleto